| 000 | 00414nam a2200169Ia 4500 | ||
|---|---|---|---|
| 008 | 180424s9999 xx 000 0 und d | ||
| 084 | _a510.78 M33 | ||
| 100 | _a"Marshall, George R" | ||
| 245 | 0 | _aComputer Graphics in Application | |
| 250 | _a\\198700ENGGPSX | ||
| 260 | _aPrentice Hall | ||
| 260 | _b1987 | ||
| 260 | _cLondon | ||
| 300 | _a454p | ||
| 500 | _aincludes index and biblioraphy | ||
| 942 | _cBK | ||
| 999 |
_c51367 _d51367 |
||